El burlador de Sevilla y Convidado de Piedra

Uloženo v:
Podrobná bibliografie
Hlavní autor: Molina, Tirso de
Médium: Kniha
Jazyk:Undetermined
Vydáno: San José, Costa Rica Editorial Costa Rica 1979
Témata:
Tagy: Přidat tag
Žádné tagy, Buďte první, kdo vytvoří štítek k tomuto záznamu!

MARC

LEADER 00000nam a2200000Ia 4500
008 170316s9999 xx 000 0 und d
040 |a cru BVZT 
090 |a 862 M-45bp 
100 |a Molina, Tirso de 
245 |a El burlador de Sevilla y Convidado de Piedra 
260 |a San José, Costa Rica 
260 |b Editorial Costa Rica 
260 |c 1979 
300 |a 191 páginas 
650 |a LITERATURA ESPAÑOLA 
650 |a COMEDIA 
999 |c 10167  |d 10167 
942 |c 15 D  |h 862 M-45bp  |2 z